000 00691nam a2200241 a 4500
001 0001-1270
003 ELIB.Books
008 150623 2010 eng
020 _a0762188723
035 _a(ELIB.Books)0001-1425
092 _a242
_bRDA
100 _aReader's Digest Association
245 _aThe Blessings of Nature
260 _aNew York
_bReader's Digest Association, Inc
_bPhiladelphia: Fortress Press
_c1976/ Cambridge, James Clarke Co. 2002
300 _a247
_c21 Cm
500 _aLibrary
650 _aDevotional Literature
856 _nKBTS: Library
_uKBTS: Elib
942 _2ddc
_cBK
990 _a1
998 _cbat
_e2015-06-23
999 _c11270
_d11270